000 00610nam a2200229 a 4500
001 BRCA_3965
005 20190320204508.0
008 140110s1948----au-a######---#000-0#ger-#
041 _ager
044 _aau
050 4 _aNB588.R5
_b.B53 1948
100 1 _aBier, Justus
_910315
245 1 0 _aTilmann Riemenschneider
_bein Gedenkbuch
_cJustus Bier.
250 _a6
260 _aViena
_bA. Schroll
_c1948
300 _a37 p.
_bil., 111 láminas
_c25 cm.
500 _aCDE36
600 1 4 _aRiemenschneider, Tilmann
_dm. 1531
_910316
650 1 4 _aEscultores alemanes
_910317
902 _aGFM
942 _2lcc
_cB
999 _c3692
_d3692